[Event "Morbihan-ch 0304"]
[Site "Morbihan"]
[Date "2003.12.13"]
[Round "3"]
[White "Lassimonne, Herve"]
[Black "Forlot, Francois"]
[Result "0-1"]
[WhiteElo "1190"]
[BlackElo "1470"]
[PlyCount "132"]
[EventDate "2003.10.??"]
[EventType "swiss"]
[EventRounds "7"]
[EventCountry "FRA"]
[SourceTitle "EXT 2005"]
[Source "ChessBase"]
[SourceDate "2004.11.15"]
[SourceVersion "1"]
[SourceVersionDate "2004.11.15"]
[SourceQuality "1"]

1. d4 d5 2. c4 e6 3. Nc3 Nf6 4. Bg5 Nbd7 5. Nf3 Be7 6. e3 0-0 7. Bd3 b6 8. 0-0 Bb7 9. cxd5 exd5 10. Qc2 Re8 11. Rfe1 Ne4 12. Nxe4 dxe4 13. Bxe4 Bxe4 14. Qxe4 Bxg5 15. Qg4 Bh6 16. Rac1 c5 17. dxc5 Nxc5 18. Rc4 Qf6 19. Rd4 Qe6 20. Qxe6 Rxe6 21. Red1 g5 22. Rd5 f6 23. Nd4 Ree8 24. Nf5 Bf8 25. f3 Re6 26. R1d4 Rae8 27. e4 Re5 28. Rd8 Rxd8 29. Rxd8 Kf7 30. g4 Re8 31. Rxe8 Kxe8 32. h4 h6 33. Kg2 Kd7 34. Kg3 Kc6 35. Nd4+ Kd7 36. Nf5 a6 37. b4 Nd3 38. a3 Kc6 39. Nd4+ Kb7 40. hxg5 hxg5 41. Nf5 b5 42. Kg2 Kb6 43. Nd4 a5 44. bxa5+ Kxa5 45. Nb3+ Ka4 46. Nd4 Bxa3 47. Nxb5 Kxb5 48. Kf1 Ne5 49. Ke2 Kc4 50. Kf2 Kd3 51. Kg3 Ke3 52. f4 gxf4+ 53. Kg2 Nxg4 54. e5 fxe5 55. Kh3 f3 56. Kxg4 f2 57. Kf5 f1Q+ 58. Kxe5 Qc4 59. Kf5 Qd4 60. Ke6 Qc5 61. Kd7 Qd6+ 62. Kc8 Qe7 63. Kb8 Bc5 64. Kc8 Bb6 65. Kb8 Qc7+ 66. Ka8 Qa7# 0-1